SPORTY JAKIE UPRAWIA SIĘ NA ZAJĘCIACH WF: - Statystyki

Ogólne statystyki
  • Ten quiz został rozwiązany 213 razy
  • Średni wynik to 4 z 5
Statystyki odpowiedzi
Hint Odpowiedź % Poprawnych
2. PIŁKA NOŻNA
99%
3. KOSZYKÓWKA
98%
1. SIATKÓWKA
98%
5. LEKKOATLETYKA
41%
4. TENIS STOŁOWY
33%
Nie znaleziono quizów pasujących do podanych kryteriów
Rozkład punktacji
Procent ludzi z każdym wynikiem
Percentyl według liczby udzielonych odpowiedzi
Twoja historia wyników
Nie rozwiązałeś tego quizu